00212 a2200121 4500001000700000020000600007040001100013100002400024240001500048245001000063362000900073440000800082174478 a  cMagnum aAlbergaria, Lino de10aVentolpor10aVento0 a1899 1aRHJ